ՀՀ Գիտությունների ազգային ակադեմիայի հիմնարար գիտական գրադարան  =   Fundamental Scientific Library of NAS RA

Մեսրոպեանը ազգային միասնութեան նախապայման : (Record no. 166297)

MARC details
000 -LEADER
fixed length control field 01255nam a2200253 a 4500
001 - CONTROL NUMBER
control field 000457346
003 - CONTROL NUMBER IDENTIFIER
control field AM-YeHGA
005 - DATE AND TIME OF LATEST TRANSACTION
control field 20251121095606.0
008 - FIXED-LENGTH DATA ELEMENTS--GENERAL INFORMATION
fixed length control field 051012s2005 ai |||||r|||||||||0|arm|d
020 ## - INTERNATIONAL STANDARD BOOK NUMBER
International Standard Book Number 9993086096
040 ## - CATALOGING SOURCE
Original cataloging agency AM-YeHGA
041 0# - LANGUAGE CODE
Language code of text/sound track or separate title arm
100 1# - MAIN ENTRY--PERSONAL NAME
Personal name Գալֆայան-Փանոսյան, Հիլդա Մարգարի,
Dates associated with a name 1942-
9 (RLIN) 3006
245 10 - TITLE STATEMENT
Title Մեսրոպեանը ազգային միասնութեան նախապայման :
Remainder of title Յօդուածներ եւ նամակներ /
Statement of responsibility, etc. Հ. Գալֆայեան-Փանոսեան ; Խմբ.՝ Գ. Տէր-Վարդանեան.
260 ## - PUBLICATION, DISTRIBUTION, ETC.
Place of publication, distribution, etc. Երեւան :
Name of publisher, distributor, etc. Նախիջեւան,
Date of publication, distribution, etc. 2005.
300 ## - PHYSICAL DESCRIPTION
Extent 278 էջ ;
Dimensions 21 սմ.
500 ## - GENERAL NOTE
General note Կը նուիրեմ հայ ժողովրդի ազգային ինքնութիւնը կերտած մեսրոպեան գիւտի 1600-ամեակին
504 ## - BIBLIOGRAPHY, ETC. NOTE
Bibliography, etc. note Մատենագիտ.՝ տողատակի ծանոթագր.
650 14 - SUBJECT ADDED ENTRY--TOPICAL TERM
Topical term or geographic name entry element Հայոց այբուբեն
9 (RLIN) 5806
650 14 - SUBJECT ADDED ENTRY--TOPICAL TERM
Topical term or geographic name entry element Լեզվաբանություն
General subdivision Հայոց լեզու
700 1# - ADDED ENTRY--PERSONAL NAME
Personal name Տեր-Վարդանյան, Գևորգ Հմայակի,
Dates associated with a name 1951-2023
Relator term խմբ.
Relationship edt
856 41 - ELECTRONIC LOCATION AND ACCESS
Uniform Resource Identifier <a href="https://arar.sci.am/dlibra/publication/450522/edition/418080/content">https://arar.sci.am/dlibra/publication/450522/edition/418080/content</a>
Link text Կարդալ առցանց
942 ## - ADDED ENTRY ELEMENTS (KOHA)
Source of classification or shelving scheme Universal Decimal Classification
Koha item type Գրքեր / Books
Holdings
Withdrawn status Lost status Damaged status Not for loan Collection Home library Current library Date acquired Total checkouts Full call number Barcode Date last seen Price effective from Koha item type Public note Source of classification or shelving scheme Cost, normal purchase price Shelving control number
        General Fundamental Scientific Library Fundamental Scientific Library 28/12/2016   AII/90629 220090629 28/12/2016 28/12/2016 Գրքեր / Books 30 Days Loan      
        General Fundamental Scientific Library Fundamental Scientific Library 28/12/2016   AII/90762 220090762 28/12/2016 28/12/2016 Գրքեր / Books 30 Days Loan      
        General Fundamental Scientific Library Fundamental Scientific Library 28/12/2016   AII/90763 220090763 28/12/2016 28/12/2016 Գրքեր / Books 30 Days Loan      
        Levon Zekiyan Individual Collection Fundamental Scientific Library Fundamental Scientific Library 28/12/2016   Zek/1621 FL0186351 28/12/2016 28/12/2016 Գրքեր / Books ILL Non-Circ. Universal Decimal Classification 2000.00  


ՀՀ ԳԱԱ հիմնարար գիտական գրադարան
ՀՀ,Երևան 0019
Մարշալ Բաղրամյան 24/6
հեռախոս:(374-10) 52-47-50
Հետադարձ կապ

All site content, except where otherwise noted, is licensed under a
Creative Commons License